[Event "CYCC U14 w"]
[Site "Quebec CAN"]
[Date "2008.07.14"]
[Round "2"]
[White "Powell, Samantha"]
[Black "Cheung, Tse Ning"]
[Result "1/2-1/2"]
[WhiteElo "1510"]
[BlackElo "1357"]
[PlyCount "151"]
[GameId "2160767910354226"]
[EventDate "2008.07.14"]
[EventType "swiss"]
[EventRounds "7"]
[EventCountry "CAN"]
[SourceTitle "EXT 2011"]
[Source "ChessBase"]
[SourceDate "2011.11.26"]
[SourceVersion "1"]
[SourceVersionDate "2011.11.26"]
[SourceQuality "1"]

1. e4 e5 2. Nf3 Nf6 3. Nxe5 Qe7 4. Nf3 Nxe4 5. Qe2 d5 6. Nc3 Nxc3 7. dxc3 Nc6 8. Bf4 Be6 9. O-O-O O-O-O 10. Ne5 Nxe5 11. Bxe5 f6 12. Bd4 Kb8 13. Qe3 b6 14. Ba6 c5 15. Qf4+ Qd6 16. Be3 Qxf4 17. Bxf4+ Bd6 18. Bxd6+ Rxd6 19. Rhe1 Rhd8 20. Bd3 g6 21. b3 c4 22. Be2 a5 23. Rd2 Kc7 24. a4 cxb3 25. cxb3 d4 26. c4 Bf5 27. g4 Bc8 28. Kc2 Re8 29. h3 f5 30. Red1 fxg4 31. Bxg4 Bxg4 32. hxg4 Re4 33. Rh1 Rxg4 34. Rxh7+ Kc6 35. Rh3 Kc5 36. Kd3 Kb4 37. f3 Rf4 38. Kc2 Re6 39. Rg3 Re3 40. Rxg6 Rc3+ 41. Kd1 Rxb3 42. Rxb6+ Kxc4 43. Rc2+ Rc3 44. Rc6+ Kd3 45. Rd2+ Ke3 46. Rxc3+ dxc3 47. Rd5 Rxa4 48. Kc2 Ra3 49. Rd3+ Kf4 50. Rxc3 Ra4 51. Kb3 Rb4+ 52. Ka3 Rd4 53. Rb3 Kg3 54. Rc3 a4 55. Re3 Rf4 56. Rc3 Kf2 57. Kb2 Ke2 58. Kc2 Rd4 59. Kc1 Rd1+ 60. Kc2 Rd2+ 61. Kc1 Rd5 62. f4 Ra5 63. Kb2 Kd2 64. Rh3 Rc5 65. Ka3 Rc4 66. f5 Rf4 67. f6 Kc2 68. f7 Rxf7 69. Kxa4 Ra7+ 70. Kb5 Rd7 71. Rh2+ Kc3 72. Rh3+ Kd4 73. Rh4+ Kd5 74. Rh5+ Kd6 75. Rh6+ Kc7 76. Rc6+ 1/2-1/2

[Event "CYCC U14 w"]
[Site "Quebec CAN"]
[Date "2008.07.14"]
[Round "2"]
[White "Zhang, Wenyue"]
[Black "Robichaud, Andrea"]
[Result "1-0"]
[WhiteElo "1351"]
[BlackElo "1191"]
[PlyCount "49"]
[GameId "2160767910354227"]
[EventDate "2008.07.14"]
[EventType "swiss"]
[EventRounds "7"]
[EventCountry "CAN"]
[SourceTitle "EXT 2011"]
[Source "ChessBase"]
[SourceDate "2011.11.26"]
[SourceVersion "1"]
[SourceVersionDate "2011.11.26"]
[SourceQuality "1"]

1. e4 c5 2. Nf3 Nc6 3. c3 e5 4. d4 cxd4 5. cxd4 d6 6. Bb5 a6 7. Ba4 Nf6 8. Nc3 Be7 9. dxe5 dxe5 10. Qxd8+ Kxd8 11. Bxc6 bxc6 12. Nxe5 Rf8 13. Nxc6+ Ke8 14. Nxe7 Kxe7 15. O-O Bb7 16. Bg5 Ke8 17. Bxf6 gxf6 18. Rfe1 Kd8 19. Rad1+ Kc8 20. Nd5 Bxd5 21. exd5 Rd8 22. Re7 Rf8 23. Rc1+ Kd8 24. Rcc7 Rc8 25. Rcd7# 1-0

[Event "CYCC U14 w"]
[Site "Quebec CAN"]
[Date "2008.07.15"]
[Round "3"]
[White "Cheung, Tse Ning"]
[Black "Zhang, Wenyue"]
[Result "1-0"]
[WhiteElo "1357"]
[BlackElo "1351"]
[PlyCount "107"]
[GameId "2160767910354228"]
[EventDate "2008.07.14"]
[EventType "swiss"]
[EventRounds "7"]
[EventCountry "CAN"]
[SourceTitle "EXT 2011"]
[Source "ChessBase"]
[SourceDate "2011.11.26"]
[SourceVersion "1"]
[SourceVersionDate "2011.11.26"]
[SourceQuality "1"]

1. d4 Nf6 2. Nf3 g6 3. Nc3 Bg7 4. Bf4 d6 5. e3 O-O 6. Bd3 Re8 7. Qd2 Nh5 8. e4 Nxf4 9. Qxf4 e6 10. O-O-O b6 11. e5 Bb7 12. Rhe1 Nc6 13. Bb5 a6 14. Bxc6 Bxc6 15. Ng5 Qd7 16. Nge4 Bxe4 17. Nxe4 h5 18. h3 d5 19. Ng5 Bh6 20. g4 Qe7 21. h4 c5 22. gxh5 cxd4 23. Kb1 Rac8 24. Rg1 Kg7 25. Rxd4 b5 26. Qf3 Bxg5 27. Rxg5 Qc5 28. c3 b4 29. Rxb4 a5 30. Qf6+ Kf8 31. Qh8+ Ke7 32. Rb7+ Kd8 33. Qf6+ Re7 34. hxg6 fxg6 35. Rxg6 Rcc7 36. Rxc7 Kxc7 37. Qf8 Kd7 38. h5 d4 39. Rg7 dxc3 40. h6 cxb2 41. Qxe7+ Qxe7 42. Rxe7+ Kxe7 43. h7 a4 44. h8=Q a3 45. Qg7+ Ke8 46. f4 Kd8 47. Qf7 Kc8 48. Qxe6+ Kd8 49. f5 Kc7 50. f6 Kd8 51. f7 Kc7 52. f8=Q Kb7 53. Qfe7+ Kb8 54. Qg8# 1-0

[Event "CYCC U14 w"]
[Site "Quebec CAN"]
[Date "2008.07.15"]
[Round "3"]
[White "Orlova, Yelizaveta"]
[Black "Powell, Samantha"]
[Result "1-0"]
[WhiteElo "1999"]
[BlackElo "1510"]
[PlyCount "113"]
[GameId "2160767910354229"]
[EventDate "2008.07.14"]
[EventType "swiss"]
[EventRounds "7"]
[EventCountry "CAN"]
[SourceTitle "EXT 2011"]
[Source "ChessBase"]
[SourceDate "2011.11.26"]
[SourceVersion "1"]
[SourceVersionDate "2011.11.26"]
[SourceQuality "1"]

1. d4 Nf6 2. Nf3 g6 3. g3 Bg7 4. Bg2 O-O 5. O-O d6 6. c4 e5 7. dxe5 dxe5 8. Nxe5 Qxd1 9. Rxd1 Re8 10. f4 Nbd7 11. Nxd7 Nxd7 12. Bf3 Nc5 13. Nd2 Be6 14. e4 Rad8 15. Rb1 Nd3 16. e5 f6 17. exf6 Bxf6 18. b3 Bd4+ 19. Kg2 Bh3+ 20. Kxh3 Nf2+ 21. Kg2 Nxd1 22. Bxd1 Be3 23. Rb2 Bxd2 24. Bxd2 Rd4 25. Bf3 b6 26. Bd5+ Kf8 27. Bc3 Rd3 28. Be5 Rc8 29. Rf2 c6 30. Be4 Rd7 31. g4 Rf7 32. f5 gxf5 33. gxf5 Ke7 34. f6+ Ke6 35. Bf5+ Kxe5 36. Bxc8 Rxf6 37. Rxf6 Kxf6 38. Kf3 c5 39. Ke4 Ke7 40. Kd5 Kd8 41. Ba6 Kc7 42. Ke6 h5 43. h4 Kb8 44. Bb5 Kb7 45. Be8 a5 46. Bxh5 a4 47. Bf3+ Ka6 48. h5 axb3 49. axb3 b5 50. h6 bxc4 51. bxc4 Ka5 52. h7 Kb4 53. Bd5 Kc3 54. h8=Q+ Kb4 55. Qb2+ Ka4 56. Bc6+ Ka5 57. Qb5# 1-0

[Event "CYCC U14 w"]
[Site "Quebec CAN"]
[Date "2008.07.15"]
[Round "3"]
[White "Robichaud, Andrea"]
[Black "Packo, Bianca"]
[Result "1-0"]
[WhiteElo "1191"]
[BlackElo "1148"]
[PlyCount "103"]
[GameId "2160767910354230"]
[EventDate "2008.07.14"]
[EventType "swiss"]
[EventRounds "7"]
[EventCountry "CAN"]
[SourceTitle "EXT 2011"]
[Source "ChessBase"]
[SourceDate "2011.11.26"]
[SourceVersion "1"]
[SourceVersionDate "2011.11.26"]
[SourceQuality "1"]

1. e4 Nf6 2. e5 e6 3. exf6 Qxf6 4. Qg4 b6 5. Nf3 Ba6 6. Qe4 d5 7. Qe3 Bxf1 8. Kxf1 Nc6 9. Nc3 d4 10. Qe4 e5 11. Nd5 Qg6 12. Qxg6 fxg6 13. Nxc7+ Kd8 14. Nxa8 Be7 15. d3 Kd7 16. Bg5 Rxa8 17. Bxe7 Kxe7 18. Re1 Ke6 19. g3 Rf8 20. Ng5+ Ke7 21. Nxh7 Rf3 22. Ng5 Rf5 23. Ne4 Nb4 24. c3 Nxd3 25. Re2 dxc3 26. bxc3 a5 27. Kg2 b5 28. Rb1 b4 29. cxb4 axb4 30. Rd1 Nb2 31. Rxb2 Rf8 32. Rxb4 Ke6 33. Rb6+ Kf5 34. Nd6+ Kg4 35. Rd5 e4 36. Nxe4 Rf5 37. Rxf5 Kxf5 38. Nd6+ Kf6 39. a4 Ke7 40. a5 Kd7 41. Rb1 Kxd6 42. a6 g5 43. a7 Ke5 44. a8=Q Kf5 45. Rb5+ Kg4 46. Qe4+ Kh5 47. Qh4+ Kg6 48. Rb6+ Kf7 49. Qh5+ Kg8 50. Qxg5 Kf8 51. Qf5+ Kg8 52. Rb8# 1-0

[Event "CYCC U14 w"]
[Site "Quebec CAN"]
[Date "2008.07.15"]
[Round "4"]
[White "Orlova, Yelizaveta"]
[Black "Robichaud, Andrea"]
[Result "1-0"]
[WhiteElo "1999"]
[BlackElo "1191"]
[PlyCount "69"]
[GameId "2160767910354231"]
[EventDate "2008.07.14"]
[EventType "swiss"]
[EventRounds "7"]
[EventCountry "CAN"]
[SourceTitle "EXT 2011"]
[Source "ChessBase"]
[SourceDate "2011.11.26"]
[SourceVersion "1"]
[SourceVersionDate "2011.11.26"]
[SourceQuality "1"]

1. d4 f5 2. Nf3 Nf6 3. g3 g6 4. Bg2 Nc6 5. d5 Nb8 6. b3 Bg7 7. Bb2 c6 8. c4 O-O 9. O-O d6 10. Nfd2 Bd7 11. Nc3 Nh5 12. Qc2 Qe8 13. Rae1 Rf7 14. e4 e5 15. dxe6 Bxe6 16. exf5 Rxf5 17. Nde4 Qd7 18. g4 Re5 19. gxh5 Bf5 20. Qd2 gxh5 21. Qxd6 Qxd6 22. Nxd6 Bd3 23. Rxe5 Bxe5 24. Rd1 Bxd6 25. Rxd3 Be5 26. Ba3 Na6 27. Ne4 Re8 28. Rd7 b6 29. Rxa7 Nb8 30. Nd6 Bxd6 31. Bxd6 Re1+ 32. Bf1 Re8 33. c5 Rd8 34. Bc4+ Kh8 35. Be5# 1-0

[Event "CYCC U14 w"]
[Site "Quebec CAN"]
[Date "2008.07.15"]
[Round "4"]
[White "Packo, Bianca"]
[Black "Cheung, Tse Ning"]
[Result "0-1"]
[WhiteElo "1148"]
[BlackElo "1357"]
[PlyCount "54"]
[GameId "2160767910354232"]
[EventDate "2008.07.14"]
[EventType "swiss"]
[EventRounds "7"]
[EventCountry "CAN"]
[SourceTitle "EXT 2011"]
[Source "ChessBase"]
[SourceDate "2011.11.26"]
[SourceVersion "1"]
[SourceVersionDate "2011.11.26"]
[SourceQuality "1"]

1. Nf3 d5 2. d4 Nf6 3. b4 e6 4. Nc3 Bxb4 5. Qd3 Nc6 6. Bd2 O-O 7. Nh4 Re8 8. Qg3 Bxc3 9. Bxc3 Ne4 10. Qf3 Nxc3 11. Qxc3 Qxh4 12. Qd3 Qf6 13. e3 e5 14. e4 exd4 15. f3 dxe4 16. fxe4 Qh4+ 17. g3 Rxe4+ 18. Be2 Qe7 19. Rb1 Re3 20. Qc4 Be6 21. Qb5 Bg4 22. Kd1 Bxe2+ 23. Qxe2 Rxe2 24. Rg1 b6 25. h4 Re8 26. c3 dxc3 27. Rc1 Rd2# 0-1

[Event "CYCC U14 w"]
[Site "Quebec CAN"]
[Date "2008.07.15"]
[Round "4"]
[White "Powell, Samantha"]
[Black "Zhang, Wenyue"]
[Result "1-0"]
[WhiteElo "1510"]
[BlackElo "1351"]
[PlyCount "27"]
[GameId "2160767910354233"]
[EventDate "2008.07.14"]
[EventType "swiss"]
[EventRounds "7"]
[EventCountry "CAN"]
[SourceTitle "EXT 2011"]
[Source "ChessBase"]
[SourceDate "2011.11.26"]
[SourceVersion "1"]
[SourceVersionDate "2011.11.26"]
[SourceQuality "1"]

1. e4 c5 2. Nf3 d6 3. d4 cxd4 4. Nxd4 Nc6 5. Nc3 Nf6 6. Bg5 e6 7. f4 e5 8. fxe5 dxe5 9. Nxc6 Qxd1+ 10. Rxd1 bxc6 11. Bc4 Be7 12. O-O Bc5+ 13. Kh1 Ng4 14. Rd8# 1-0

[Event "CYCC U14 w"]
[Site "Quebec CAN"]
[Date "2008.07.16"]
[Round "5"]
[White "Cheung, Tse Ning"]
[Black "Orlova, Yelizaveta"]
[Result "0-1"]
[WhiteElo "1357"]
[BlackElo "1999"]
[PlyCount "118"]
[GameId "2160767910354234"]
[EventDate "2008.07.14"]
[EventType "swiss"]
[EventRounds "7"]
[EventCountry "CAN"]
[SourceTitle "EXT 2011"]
[Source "ChessBase"]
[SourceDate "2011.11.26"]
[SourceVersion "1"]
[SourceVersionDate "2011.11.26"]
[SourceQuality "1"]

1. d4 c5 2. Nf3 g6 3. e4 cxd4 4. Nxd4 Bg7 5. Nc3 Nc6 6. Be3 Nf6 7. Qd2 O-O 8. O-O-O Ng4 9. Nxc6 bxc6 10. f3 Nxe3 11. Qxe3 Qa5 12. Kb1 Rb8 13. Rd3 Ba6 14. Rxd7 Bxf1 15. Rxf1 Bxc3 16. b3 c5 17. Rd3 Bd4 18. Qg5 Bf6 19. Qd5 Rfd8 20. Qc4 Rxd3 21. Qxd3 Rd8 22. Qe3 c4 23. f4 Bd4 24. Qf3 c3 25. a4 Qb4 26. Qd1 Kg7 27. Qc1 Qc5 28. Rf3 Rb8 29. f5 Bf6 30. fxg6 hxg6 31. g3 Bg5 32. Qf1 f6 33. h4 Rxb3+ 34. cxb3 c2+ 35. Ka2 c1=Q 36. Qxc1 Bxc1 37. Kb1 Qa3 38. Kc2 Qb2+ 39. Kd3 Qxb3+ 40. Ke2 Qc2+ 41. Kf1 Qd1+ 42. Kg2 Qe2+ 43. Rf2 Qxe4+ 44. Kf1 Qxa4 45. Re2 e5 46. h5 e4 47. hxg6 e3 48. Kg2 Qe4+ 49. Kh2 Qf3 50. Rg2 e2 51. Rxe2 Qxe2+ 52. Kh3 f5 53. g4 fxg4+ 54. Kg3 Qf3+ 55. Kh2 g3+ 56. Kh3 g2+ 57. Kh4 Bg5+ 58. Kxg5 g1=Q+ 59. Kh4 Qgg4# 0-1

[Event "CYCC U14 w"]
[Site "Quebec CAN"]
[Date "2008.07.16"]
[Round "5"]
[White "Robichaud, Andrea"]
[Black "Powell, Samantha"]
[Result "0-1"]
[WhiteElo "1191"]
[BlackElo "1510"]
[PlyCount "110"]
[GameId "2160767910354235"]
[EventDate "2008.07.14"]
[EventType "swiss"]
[EventRounds "7"]
[EventCountry "CAN"]
[SourceTitle "EXT 2011"]
[Source "ChessBase"]
[SourceDate "2011.11.26"]
[SourceVersion "1"]
[SourceVersionDate "2011.11.26"]
[SourceQuality "1"]

1. e4 e5 2. Nf3 Nc6 3. d3 Nf6 4. Nc3 Bc5 5. Be3 Bxe3 6. fxe3 d6 7. d4 O-O 8. Bd3 Bg4 9. O-O exd4 10. exd4 Nxd4 11. Qd2 Bxf3 12. gxf3 Re8 13. Qe3 c5 14. Rae1 d5 15. a3 dxe4 16. fxe4 c4 17. Bxc4 Nxc2 18. Qf4 Nxe1 19. Rxe1 Qd4+ 20. Re3 Qxc4 21. Nd5 Rxe4 22. Nxf6+ gxf6 23. Rg3+ Kf8 24. Qd6+ Re7 25. Qxf6 Re1+ 26. Kg2 Qe2+ 27. Kh3 Qh5+ 28. Qh4 Qxh4+ 29. Kxh4 Re2 30. h3 Rxb2 31. Kh5 Rc8 32. Kh6 Rc6+ 33. Kxh7 Rg6 34. Rxg6 fxg6 35. Kxg6 Rh2 36. Kf6 Rxh3 37. Ke6 Rxa3 38. Kd6 b5 39. Kc5 Rb3 40. Kd4 a5 41. Kc5 a4 42. Kb6 a3 43. Kc5 a2 44. Kd5 a1=R 45. Kd4 Rc1 46. Kd5 Rd3+ 47. Ke4 Rd8 48. Ke3 Re1+ 49. Kf2 Re6 50. Kf3 Ke7 51. Kf4 Rf8+ 52. Kg5 Re1 53. Kg6 Rg1+ 54. Kh7 b4 55. Kh6 Rh8# 0-1

[Event "CYCC U14 w"]
[Site "Quebec CAN"]
[Date "2008.07.16"]
[Round "5"]
[White "Zhang, Wenyue"]
[Black "Packo, Bianca"]
[Result "1-0"]
[WhiteElo "1351"]
[BlackElo "1148"]
[PlyCount "145"]
[GameId "2160767910354236"]
[EventDate "2008.07.14"]
[EventType "swiss"]
[EventRounds "7"]
[EventCountry "CAN"]
[SourceTitle "EXT 2011"]
[Source "ChessBase"]
[SourceDate "2011.11.26"]
[SourceVersion "1"]
[SourceVersionDate "2011.11.26"]
[SourceQuality "1"]

1. e4 g5 2. d4 Nc6 3. h3 e5 4. c3 d6 5. Nf3 d5 6. dxe5 dxe4 7. Qxd8+ Nxd8 8. Nxg5 Nh6 9. Nxe4 Nf5 10. Nf6+ Ke7 11. Bc4 Bg7 12. Bg5 Ne6 13. Bxe6 fxe6 14. Nd5+ Kf7 15. Nxc7 Rb8 16. g4 Bxe5 17. Nxe6 Bxe6 18. gxf5 Bxf5 19. Nd2 Rhe8 20. O-O-O Rbc8 21. Nf3 Bxc3 22. bxc3 Rxc3+ 23. Kb2 Rxf3 24. Rd2 a5 25. h4 a4 26. Rc1 a3+ 27. Ka1 Rc8 28. Rxc8 Bxc8 29. Kb1 Rc3 30. Rd1 Bf5+ 31. Ka1 b5 32. Bd2 Rc2 33. Bb4 Be6 34. f4 Rxa2+ 35. Kb1 Rb2+ 36. Kc1 Rxb4 37. Kd2 a2 38. Kc2 Ra4 39. Kb2 Rb4+ 40. Ka1 Bf5 41. Kxa2 Bc2 42. Rd7+ Ke6 43. Rd2 Bb3+ 44. Ka3 Rxf4 45. Kxb3 Rxh4 46. Re2+ Kd5 47. Rd2+ Kc5 48. Rc2+ Rc4 49. Rh2 Rb4+ 50. Kc3 Rc4+ 51. Kb3 b4 52. Rxh7 Rc3+ 53. Kb2 Kc4 54. Rc7+ Kd3 55. Rd7+ Ke2 56. Rd8 b3 57. Kxc3 Ke3 58. Kxb3 Ke4 59. Kc4 Ke3 60. Rd4 Kf3 61. Kd3 Kf2 62. Re4 Kf3 63. Re8 Kf4 64. Kd4 Kf3 65. Re7 Kf4 66. Rf7+ Kg5 67. Ke5 Kg4 68. Rf8 Kg5 69. Ke4 Kg4 70. Rg8+ Kh4 71. Kf4 Kh3 72. Rg7 Kh4 73. Rh7# 1-0

[Event "CYCC U14 w"]
[Site "Quebec CAN"]
[Date "2008.07.16"]
[Round "6"]
[White "Powell, Samantha"]
[Black "Cheung, Tse Ning"]
[Result "1-0"]
[WhiteElo "1510"]
[BlackElo "1357"]
[PlyCount "125"]
[GameId "2160767910354237"]
[EventDate "2008.07.14"]
[EventType "swiss"]
[EventRounds "7"]
[EventCountry "CAN"]
[SourceTitle "EXT 2011"]
[Source "ChessBase"]
[SourceDate "2011.11.26"]
[SourceVersion "1"]
[SourceVersionDate "2011.11.26"]
[SourceQuality "1"]

1. e4 e5 2. Nf3 Nf6 3. Nxe5 d6 4. Nf3 Nxe4 5. Nc3 d5 6. d3 Nf6 7. Be2 Bb4 8. O-O Bxc3 9. bxc3 O-O 10. Bg5 h6 11. Bh4 Bf5 12. d4 Nc6 13. Ne5 Qd6 14. Nxc6 Qxc6 15. Rb1 Ne4 16. Bb5 Qxc3 17. Bd3 b6 18. Bxe4 Bxe4 19. Rc1 Qc6 20. Qg4 Qe6 21. Qxe6 fxe6 22. Rfe1 Rae8 23. c4 Rf7 24. cxd5 exd5 25. f3 Rf4 26. Bg3 Rf7 27. fxe4 dxe4 28. Rxc7 Rxc7 29. Bxc7 Kf7 30. Be5 Rc8 31. Rxe4 g5 32. d5 Rc2 33. d6 Ke6 34. Bg3+ Kd7 35. Re7+ Kd8 36. Rxa7 Rd2 37. Kf1 h5 38. h4 Rd3 39. Bf2 Rxd6 40. hxg5 b5 41. Rb7 Rd5 42. g6 Rg5 43. Bh4 Kc8 44. Bxg5 Kxb7 45. g7 h4 46. g8=Q Kc6 47. Bxh4 Kc5 48. Bf2+ Kd6 49. Qd8+ Ke6 50. Qb6+ Kd5 51. Qxb5+ Ke4 52. Qc4+ Ke5 53. Bg3+ Kf5 54. Kf2 Kf6 55. Kf3 Kf5 56. Qd5+ Kg6 57. Kg4 Kf6 58. Bh4+ Kg6 59. Qe6+ Kg7 60. Qf6+ Kg8 61. Qg6+ Kf8 62. Qh7 Ke8 63. Qe7# 1-0

[Event "CYCC U14 w"]
[Site "Quebec CAN"]
[Date "2008.07.16"]
[Round "7"]
[White "Cheung, Tse Ning"]
[Black "Powell, Samantha"]
[Result "0-1"]
[WhiteElo "1357"]
[BlackElo "1510"]
[PlyCount "98"]
[GameId "2160767910354238"]
[EventDate "2008.07.14"]
[EventType "swiss"]
[EventRounds "7"]
[EventCountry "CAN"]
[SourceTitle "EXT 2011"]
[Source "ChessBase"]
[SourceDate "2011.11.26"]
[SourceVersion "1"]
[SourceVersionDate "2011.11.26"]
[SourceQuality "1"]

1. d4 Nf6 2. Nf3 g6 3. e3 Bg7 4. Bd3 O-O 5. O-O d6 6. h3 Nc6 7. Nc3 e5 8. Re1 Re8 9. dxe5 dxe5 10. e4 Nd4 11. Be3 b6 12. Bc4 Nxf3+ 13. Qxf3 Be6 14. Rad1 Qe7 15. Nd5 Nxd5 16. Bxd5 Bxd5 17. Rxd5 Rad8 18. Red1 Rxd5 19. Rxd5 Rd8 20. Rxd8+ Qxd8 21. Qg4 h5 22. Qg3 Qd1+ 23. Kh2 Qxc2 24. Qg5 Qxb2 25. Qd8+ Kh7 26. g4 Qxa2 27. gxh5 Bh6 28. hxg6+ Kxg6 29. Qg8+ Bg7 30. h4 Qe2 31. Qe8 Qg4 32. Qc6+ Kh7 33. Bg5 f6 34. Bxf6 Bxf6 35. Qxf6 Qf4+ 36. Qxf4 exf4 37. Kh3 c5 38. e5 c4 39. e6 Kg7 40. h5 c3 41. e7 Kf7 42. h6 c2 43. h7 c1=Q 44. Kg4 Qg1+ 45. Kf3 Qh1+ 46. Ke2 Qxh7 47. e8=Q+ Kxe8 48. f3 Qc2+ 49. Kf1 Ke7 0-1

[Event "CYCC U16"]
[Site "Quebec CAN"]
[Date "2008.07.14"]
[Round "1"]
[White "Deschenes, Marc-Andre"]
[Black "Martchenko, Alexander"]
[Result "1/2-1/2"]
[WhiteElo "1864"]
[BlackElo "2243"]
[PlyCount "101"]
[GameId "2160767910354239"]
[EventDate "2008.07.14"]
[EventType "swiss"]
[EventRounds "7"]
[EventCountry "CAN"]
[SourceTitle "EXT 2011"]
[Source "ChessBase"]
[SourceDate "2011.11.26"]
[SourceVersion "1"]
[SourceVersionDate "2011.11.26"]
[SourceQuality "1"]

1. e4 c5 2. Nf3 Nc6 3. d4 cxd4 4. Nxd4 Nf6 5. Nc3 e5 6. Ndb5 d6 7. Bg5 a6 8. Na3 b5 9. Bxf6 gxf6 10. Nd5 Bg7 11. c3 f5 12. exf5 Bxf5 13. Nc2 O-O 14. Nce3 Be6 15. Bd3 f5 16. Bc2 Ra7 17. Qh5 Raf7 18. g4 Bxd5 19. Nxd5 e4 20. O-O-O Qa5 21. Bb3 Kh8 22. Nf4 Ne5 23. Bxf7 Rxf7 24. Rxd6 b4 25. Ne6 Bf6 26. Ng5 Bxg5+ 27. Qxg5 Nd7 28. Rhd1 Nf8 29. Kb1 bxc3 30. Rd8 Qb4 31. Qc1 Rb7 32. b3 a5 33. Qg5 Rf7 34. Kc2 a4 35. Qc1 fxg4 36. Qe3 Qa3 37. Qxc3+ Kg8 38. Qb2 Rxf2+ 39. R8d2 Qc5+ 40. Qc3 Qf5 41. Qe3 Rf3 42. Qd4 e3+ 43. Rd3 e2 44. Re1 Ne6 45. Qd5 Qxd5 46. Rxd5 Nf4 47. Rg5+ Kf7 48. Rxg4 h5 49. Rxf4+ Rxf4 50. Rxe2 h4 51. bxa4 1/2-1/2

[Event "CYCC U16"]
[Site "Quebec CAN"]
[Date "2008.07.14"]
[Round "1"]
[White "Hambleton, Aman"]
[Black "Xu, Haizhou"]
[Result "0-1"]
[WhiteElo "2049"]
[BlackElo "1609"]
[PlyCount "68"]
[GameId "2160767910354240"]
[EventDate "2008.07.14"]
[EventType "swiss"]
[EventRounds "7"]
[EventCountry "CAN"]

1. d4 Nf6 2. c4 g6 3. Nc3 Bg7 4. e4 d6 5. f3 O-O 6. Be3 Nbd7 7. Qd2 c5 8. d5 Ne5 9. O-O-O a6 10. h3 b5 11. cxb5 axb5 12. Bxb5 Ba6 13. f4 Nc4 14. Bxc4 Bxc4 15. a3 Qb6 16. Qf2 Rfb8 17. e5 dxe5 18. Bxc5 Qb7 19. Nf3 Nxd5 20. Nxd5 Bxd5 21. Nxe5 Rc8 22. Kb1 Qb3 23. Qc2 Qxc2+ 24. Kxc2 Rxc5+ 25. Kb1 Bxg2 26. Rhe1 Bxh3 27. Re3 Bf5+ 28. Ka2 Rb8 29. b4 Rc2+ 30. Kb3 Rf2 31. Rd4 h5 32. a4 Be6+ 33. Kc3 Rc8+ 34. Kd3 Bf5+ 0-1

[Event "CYCC U16"]
[Site "Quebec CAN"]
[Date "2008.07.14"]
[Round "1"]
[White "Ji, Henry"]
[Black "Rakov, Pavel"]
[Result "1/2-1/2"]
[WhiteElo "1591"]
[BlackElo "1970"]
[PlyCount "123"]
[GameId "2160767910354241"]
[EventDate "2008.07.14"]
[EventType "swiss"]
[EventRounds "7"]
[EventCountry "CAN"]
[SourceTitle "EXT 2011"]
[Source "ChessBase"]
[SourceDate "2011.11.26"]
[SourceVersion "1"]
[SourceVersionDate "2011.11.26"]
[SourceQuality "1"]

1. e4 e6 2. d4 d5 3. Nd2 c5 4. c3 cxd4 5. cxd4 Nc6 6. Ngf3 Bb4 7. exd5 Qxd5 8. a3 Bxd2+ 9. Qxd2 Nf6 10. Qg5 Qe4+ 11. Qe3 Qd5 12. Qg5 O-O 13. Qxd5 Nxd5 14. Bb5 Bd7 15. O-O a6 16. Bxc6 Bxc6 17. Ne5 Rac8 18. Be3 f6 19. Nxc6 Rxc6 20. Rac1 Rfc8 21. Rxc6 Rxc6 22. Rc1 Rxc1+ 23. Bxc1 Kf7 24. f4 f5 25. Kf2 Ke7 26. Ke2 Kd6 27. Kd3 Nb6 28. b3 Kd5 29. Bd2 Nd7 30. Bb4 Nf6 31. Bf8 g6 32. h3 Nh5 33. Bh6 Ng3 34. Bg5 Ne4 35. Bh4 Nd6 36. a4 b5 37. a5 Nc8 38. Bd8 Na7 39. Bc7 Nc6 40. Bb6 h6 41. h4 h5 42. g3 Ne7 43. Bd8 Nc8 44. Bc7 Nd6 45. Bxd6 Kxd6 46. Kc3 Kd5 47. Kd3 b4 48. Ke3 Kc6 49. Kd2 Kb5 50. Kd3 Kxa5 51. Kc4 Kb6 52. Kxb4 a5+ 53. Ka4 Ka6 54. b4 axb4 55. Kxb4 Kb6 56. Kc4 Kc6 57. Kc3 Kb5 58. Kb3 Kb6 59. Kb4 Kc6 60. Kc4 Kd6 61. Kc3 Kd5 62. Kd3 1/2-1/2

[Event "CYCC U16"]
[Site "Quebec CAN"]
[Date "2008.07.14"]
[Round "1"]
[White "Kaufman, Harris"]
[Black "Hansen, Eric"]
[Result "0-1"]
[WhiteElo "1891"]
[BlackElo "2347"]
[PlyCount "134"]
[GameId "2160767910354242"]
[EventDate "2008.07.14"]
[EventType "swiss"]
[EventRounds "7"]
[EventCountry "CAN"]
[SourceTitle "EXT 2011"]
[Source "ChessBase"]
[SourceDate "2011.11.26"]
[SourceVersion "1"]
[SourceVersionDate "2011.11.26"]
[SourceQuality "1"]

1. e4 c5 2. Nf3 e6 3. Nc3 a6 4. g3 b5 5. d4 cxd4 6. Nxd4 Bb7 7. Bg2 Nf6 8. Qe2 Qb6 9. Nb3 d6 10. O-O Be7 11. Re1 O-O 12. Be3 Qc7 13. a3 Nbd7 14. f4 Rac8 15. Rad1 Nb6 16. Na5 Ba8 17. Bf2 d5 18. e5 Nfd7 19. Rd3 Na4 20. Nxa4 bxa4 21. b4 axb3 22. Nxb3 Qxc2 23. a4 Qxe2 24. Rxe2 Rc4 25. a5 Nc5 26. Nxc5 Bxc5 27. Bxc5 Rxc5 28. Rb2 Bc6 29. Rdb3 Rxa5 30. Bf1 f6 31. Rb6 Rc5 32. Bh3 Re8 33. Rxa6 fxe5 34. Rbb6 Rc1+ 35. Kf2 Rc2+ 36. Kg1 Bd7 37. fxe5 Re2 38. Rd6 Bc8 39. Ra8 Kf8 40. Bf1 Rb2 41. Bh3 Rb7 42. Bxe6 Bxe6 43. Rxe8+ Kxe8 44. Rxe6+ Re7 45. Ra6 Rxe5 46. Kf2 Ke7 47. Ra7+ Kf6 48. Rd7 Rh5 49. h4 Rf5+ 50. Ke3 h5 51. Rd8 Re5+ 52. Kd4 Re4+ 53. Kxd5 Rg4 54. Rf8+ Kg6 55. Ke5 Rxg3 56. Ra8 Rg4 57. Ra6+ Kh7 58. Kf5 g6+ 59. Kf6 Rf4+ 60. Ke5 Rxh4 61. Kf6 Kh6 62. Ra8 Rf4+ 63. Ke5 Rf1 64. Ra6 h4 65. Ra4 g5 66. Ra8 Kh5 67. Rh8+ Kg4 0-1

[Event "CYCC U16"]
[Site "Quebec CAN"]
[Date "2008.07.14"]
[Round "1"]
[White "Lai, Matthew"]
[Black "Dawson, Jeffrey"]
[Result "1-0"]
[WhiteElo "1944"]
[BlackElo "1336"]
[PlyCount "65"]
[GameId "2160767910354243"]
[EventDate "2008.07.14"]
[EventType "swiss"]
[EventRounds "7"]
[EventCountry "CAN"]
[SourceTitle "EXT 2011"]
[Source "ChessBase"]
[SourceDate "2011.11.26"]
[SourceVersion "1"]
[SourceVersionDate "2011.11.26"]
[SourceQuality "1"]

1. e4 d5 2. exd5 Qxd5 3. Nc3 Qa5 4. d4 Nf6 5. Bc4 c6 6. Bb3 Bf5 7. Nf3 e6 8. Bd2 Nbd7 9. Qe2 Be7 10. O-O-O O-O 11. Nh4 Bd6 12. Ne4 Qc7 13. Nxd6 Qxd6 14. Nxf5 exf5 15. Qf3 Qxd4 16. Qxf5 Qe4 17. Qh3 Qg4 18. Qe3 Rfe8 19. Qc3 Ne4 20. Qc4 Ne5 21. Qf1 Rad8 22. f3 Nxd2 23. fxg4 Nxf1 24. Rhxf1 Rxd1+ 25. Rxd1 Nxg4 26. Rd7 Ne5 27. Rxb7 Ra8 28. Re7 Ng4 29. Rxf7 Kh8 30. h3 Ne3 31. Ba4 h6 32. Bxc6 a6 33. Bxa8 1-0